000
00329nam a2200145Ia 4500
008
221030s9999 xx 000 0 und d
041
_a
English
082
_a
105.23
_b
Pad
100
_a
K. Padmanabhan
245
0
_a
Electronic Components
260
_b
Laxmi Pub
_a
New Delhi
_c
1999
300
_a
240
650
_a
ECE
942
_c
BK
999
_c
1694
_d
1694